000 00644nam a22002657a 4500
003 UA-OsUOA
001 26219
007 ta
008 20040524b un ||||| |||| 00| 0 ukr d
100 _aОвчинников П.П.
090 _a512.5(075.8)
_bО-35
942 _cBK
040 _aUA-OsUOA
_bukr
_cUA-OsUOA
_dUA-OsUOA
245 _aВища математика
300 _a792 с.
_bІлюстрації
955 _a0
041 _aukr
080 _a512.5(075.8)
020 _a966-575-153-0
260 _aКиїв
_bТехніка
_c2000
044 _aUA
250 _nЧастина 2
650 7 _2UDC
999 _c312535
_d312535